000 03993nam a2200469 4500
003 EG-GICUC
005 20260222121609.0
008 260222s2025 ua ||||fr|||| 000 0 ara d
040 _aEG-GICUC
_cEG-GICUC
_dEG-GICUC
_erda
_bara
041 0 _aara
_dara
049 _aإيداع
082 0 4 _a343.11224
_221
097 _aPh.D
099 _aLaw 10 PHD 2025
100 0 _aالسيد محمدين الدمتناوي
_eمؤلف.
245 1 0 _aالحماية الجنائية الموضوعية للحق في حرمة المحتدثات الشخصية :
_bدراسة مقارنة /
_cإعدادفيصل السيد محمدين الدمتناوي ؛ إشراف الأستاذ الدكتور أحمد عوض بلال.
264 0 _aالقاهرة :
_bكلية الحقوق - جامعة القاهرة,
_c2025.
300 _a320 صفحة :
_c30 سم.
336 _atext
_2rda content
337 _aComputer
_2rda media
338 _aOnline Resource
_2rda carrier
502 _a أطروحة (دكتوراة)-جامعة القاهرة، كلية الحقوق، قسم القانون الجنائي، 2025.
504 _aيشتمل على إرجاعات بيبليوجرافية: 274-311
520 3 _aتناول الباحث في موضوع الحماية الجنائية الموضوعية للحق في حرمة المحادثات الشخصية دراسة مقارنة ، وقد قسم الباحث رسالته إلى مقدمة وفصل تمهدي وبابين رئيسيين وخاتمة وقد التناول في المقدمة : موضوع البحث وأهمية البحث ومنهج البحث وخطة البحث . وقد خصص الفصل التمهيدي لدراسة حرمة المحادثات الشخصية كأحد عناصر الحق في الخصوصية وتناول الباحث في الباب الأول : جرائم التعدى على المحادثات الشخصية في التشريعات التقليدية. وقد خصص الباب الثاني: لدراسة جرائم التعدى على المحادثات الشخصية في التشريعات الحديثة وعقب ذلك تناول الباحث في خاتمة الدارسة مجموعة من النتائج والتوصيات .
520 3 _aThe researchers' discussion on the topic of the objective criminal protection of the right to the sanctity of personal conversations is a comparative study. The researchers have divided their work into an introduction, an introductory chapter, the main chapters, and the conclusion. Introduction: The introduction covers the topic of the research, its importance, methodology, and research plan. The introductory chapter is devoted to studying the sanctity of personal conversations as one of the elements of the right to privacy. The first chapter analyzes crimes of trespassing on personal conversations in traditional legislation. The second chapter is devoted to studying crimes of violating the sanctity of personal conversations in modern laws. Following the discussions at the end of the course, I will discuss the results and recommendations.
546 _aالنص بالعربية والملخص باللغة الإنجليزية والعربية.
650 0 4 _aالقانون الجنائي
653 0 _aالظروف المشددة
653 0 _aالعقوبات الأصلية
653 0 _aنقل المحادثات
653 0 _aتسجيل المحادثات
653 0 _aاستراق السمع
653 0 _aالحق في الخصوصية
653 0 _aالمحادثات الشخصية
655 4 _aرسائل جامعية
_zجامعة القاهرة
700 0 _aأحمد عوض بلال
_eمشرف.
710 2 _aجامعة القاهرة
_bكلية الحقوق
856 _uhttps://fll.law.cu.edu.eg/fulltext/th/T10-04324.pdf
900 _b2025
_Uجامعة القاهرة
_Fكلية الحقوق
_Dقسم القانون الجنائي
905 _a64
942 _2ddc
_n0
_cTH
_e21
999 _c64005